000 00860nam a2200241Ia 4500
003 GCL
008 140319s9999 xx 000 0 ara d
040 _aGCL /
_cGCL
082 0 4 _a811.4
_bع ن
100 1 _aعبدالحكيم راضى
245 1 0 _aالنقد العربى وشعر المحدثين فى العصر العباسى /
_cعبدالحكيم راضى
250 _aالاولى
260 _aالقاهرة :
_bدار الشايب ،
_c1993
300 _a303 ص ؛
_c24 سم
490 _a
650 0 4 _aالشعر العربى
650 0 4 _aالادب العربى
650 0 4 _aالشعر العربى - تاريخ ونقد
650 0 4 _aالوفيات
650 0 4 _aالتاريخ الاسلامى - تراجم
650 0 4 _aالشعر العربى - تاريخ ونقد - العصر العباسى الأول
942 _2ddc
_cBK
999 _c30254
_d30254